000
00332 a2200109 4500
001
ART_25809
005
20260410161602.0
008
260409a
245
1
0
_a
Los costos en las haciendas públicas
100
1
_a
Rodríguez, Roberto Mario
773
0
_t
Profesional & Empresaria
_g
- Año VI, Nº 74 (nov. 2005)
_w
REV70
999
_c
9769
_d
9769